| 000 | 00551nam a22002417a 4500 | ||
|---|---|---|---|
| 005 | 20240624144838.0 | ||
| 008 | 180521b xxu||||| |||| 00| 0 spa d | ||
| 020 | _a9788498203585 | ||
| 041 | _aESP | ||
| 082 | _a759.949.8 R895g | ||
| 245 | _aGrandes maestros de la pintura: Rubens | ||
| 260 | _aEspaña | ||
| 260 | _bSol | ||
| 260 | _c2006 | ||
| 300 | _a96 páginas | ||
| 650 | _aPETER PAUL RUBENS | ||
| 650 | _aPINTURA BELGA | ||
| 650 | _aARTE | ||
| 650 | _aHISTORIA | ||
| 650 | _aÓLEOS | ||
| 942 |
_cBK _2ddc |
||
| 999 |
_c10652 _d10652 |
||